000 00828nam a2200217Ia 4500
003 GCL
008 140319s9999 xx 000 0 ara d
040 _aGCL /
_cGCL
082 0 4 _a631.5
_bم ا
100 1 _aمحمد السعيد محمد الحسن
245 1 0 _aاضواء على تنظيم استغلال الاراضى الزراعية: الاهداف ـ المزايا ـ كشف الحساب /
_cمحمد السعيد محمد الحسن
300 _a122 ص
490 _aاخترنا للفلاح
_v0
650 0 4 _aالزراعة
650 0 4 _aالمحاصيل الزراعية
650 0 4 _aالانتاج الزراعى
650 0 4 _aالاراضى الزراعية
650 0 4 _aالمزارع - تنظيم وادارة
650 0 4 _aالاراضى الزراعية ـ اقتصاديات
942 _2ddc
_cBK
999 _c47060
_d47060